Managing Large Teams: (Record no. 181600)

MARC details
000 -LEADER
fixed length control field 00563nam a22001817a 4500
005 - DATE AND TIME OF LATEST TRANSACTION
control field 20211112120112.0
010 ## - LCCN (DPL NO)
LC control number ENG-129968
020 ## - INTERNATIONAL STANDARD BOOK NUMBER
Terms of availability 450.00
International Standard Book Number 9789353886721
035 ## - SYSTEM CONTROL NUMBER
System control number EN-113500
037 ## - SOURCE OF ACQUISITION
Source of stock number/acquisition DBAD/PUB
082 ## - DEWEY DECIMAL CLASSIFICATION NUMBER
Classification number 658.402
100 ## - MAIN ENTRY--PERSONAL NAME
Personal name Kapal Rishi
245 ## - TITLE STATEMENT
Title Managing Large Teams:
Remainder of title overcoming skip-level Frictions & Executive lsolation /
Statement of responsibility, etc by Rishi Kapal
260 ## - PUBLICATION, DISTRIBUTION, ETC. (IMPRINT)
Name of publisher, distributor, etc Sage
Date of publication, distribution, etc 2021
270 ## - ADDRESS
City New Delhi
Address BI/1-1 Mohan Cooperative Industrial Area
Postal code 110044
300 ## - PHYSICAL DESCRIPTION
Extent ix,213p
Dimensions 21cm (pbk)
942 ## - ADDED ENTRY ELEMENTS (KOHA)
Source of classification or shelving scheme Dewey Decimal Classification
Item type English Books
Call number suffix KAP
Classification part 658.402
Holdings
Withdrawn status Lost status Not for loan Collection code Home library Current library Date acquired Source of acquisition Cost, normal purchase price Full call number Barcode Copy number Cost, replacement price Koha item type
      Non-fiction Shahdara Branch Shahdara Branch 24/09/2021 DBAD/PUB 450.00 658.402 KAP EN-113500 1 450.00 English Books

© Delhi Public Library
Hit Counter
free hit counter